00640nam a2200169Ia 4500008004000000020001800040082001500058100002400073245006000097260006200157300001300219650002100232690001700253906001100270999001900281952017000300210210b2005 xxu||||| |||| 00| 0 eng d a0 07 058718 3 a511.5 BALS aBALAKRISHNAN (V K). aSchaums outline of theory and problems of graph theory. aNew DelhibTata McGraw-Hill Publishing Company Ltd.c2005 aviii,293 aSchaums Outlines aGraph Theory a061093 c107723d107723 001040708MathematicsaALbALcMathematicsd2021-02-17eSapna Book House, Bangaloreg210.00l1o511.5 BALSp061093r2023-03-03 00:00:00s2023-02-20w2021-02-17yBK